Normal view
MARC view
- GERALD, CURTIS F.
Entry Personal Name
001 - CONTROL NUMBER
- control field: 104
003 - CONTROL NUMBER IDENTIFIER
- control field: Nust
005 - DATE AND TIME OF LATEST TRANSACTION
- control field: 20170508114745.0
008 - FIXED-LENGTH DATA ELEMENTS
- fixed length control field: 170508|| aca||aabn | a|a d
040 ## - CATALOGING SOURCE
- Original cataloging agency: Nust
- Transcribing agency: Nust
100 ## - HEADING--PERSONAL NAME
- Personal name: GERALD, CURTIS F.
670 ## - SOURCE DATA FOUND
- Source citation: Work cat.: (Nust)0: GERALD, CURTIS F., APPLIED NUMERICAL ANALYSIS , 2009.
